000 00312nam a22001337a 4500
008 170818b xxu||||| |||| 00| 0 eng d
020 _a9780471916888
041 _aeng
080 _24 ED
_a51
100 _a37
101 _aMAT
245 _aEXPLORATIONS IN COLLEGE ALGEBRA
_cKIME L.A
942 _2udc
_cBK
999 _c24151
_d24151